000 00256nam a22001217a 4500
008 170714b xxu||||| |||| 00| 0 eng d
041 _aeng
080 _a101
100 _a24
101 _aFIL
245 _aPHILOSOPHERS WAT
_cCHAFFEE, J
942 _2udc
_cBK
999 _c20796
_d20796